000 00369nam a2200145Ia 4500
003 LK-CoDNM
008 010623t xxu||||| |||| 00| 1 eng d
040 _aLK-CoDNM
_dLK-CoDNM
_eLK-CoDNM
041 _aeng
080 _a32
100 _aDe Silva,Colvin R.
245 _a1935-1985 From Democratic Progress To Repressive Reaction
300 _b24p.;21 cm cm
942 _cBK
999 _c133317
_d133317